[Event "Muensterland Regionalliga 2122"]
[Site "Germany"]
[Date "2021.11.13"]
[Round "3.3"]
[White "Hiller, Simon"]
[Black "Beckmann, David"]
[Result "1/2-1/2"]
[WhiteElo "2146"]
[BlackElo "2003"]
[PlyCount "41"]
[EventDate "2021.10.02"]
[EventType "team-tourn"]
[EventRounds "3"]
[EventCountry "GER"]
[SourceTitle "EXT 2023"]
[Source "ChessBase"]
[SourceDate "2022.10.05"]
[SourceVersion "1"]
[SourceVersionDate "2022.10.05"]
[SourceQuality "1"]
[WhiteTeam "Emsdetten Rochade"]
[BlackTeam "Borken"]
[WhiteTeamCountry "GER"]
[BlackTeamCountry "GER"]

1. Nf3 d5 2. c4 e6 3. g3 Nf6 4. b3 c6 5. Bg2 Be7 6. Bb2 Nbd7 7. 0-0 0-0 8. e3 b6 9. Nc3 Bb7 10. Rc1 a5 11. cxd5 cxd5 12. Nd4 Nc5 13. d3 Ba6 14. Nc6 Qd7 15. Nxe7+ Qxe7 16. Ba3 Qa7 17. d4 Nd3 18. Bxf8 Nxc1 19. Ba3 Nd3 20. Qb1 Rc8 21. Ne2 1/2-1/2

[Event "NRW Class1 1718"]
[Site "Germany"]
[Date "2018.04.08"]
[Round "8.2"]
[White "Hiller, Simon"]
[Black "Eckardt, Joshua"]
[Result "1/2-1/2"]
[WhiteElo "2113"]
[BlackElo "2225"]
[PlyCount "90"]
[EventDate "2017.09.17"]
[EventType "team-tourn"]
[EventRounds "9"]
[EventCountry "GER"]
[SourceTitle "EXT 2019"]
[Source "ChessBase"]
[SourceDate "2018.10.10"]
[SourceVersion "1"]
[SourceVersionDate "2018.10.10"]
[SourceQuality "1"]
[WhiteTeam "Emsdetten Rochade"]
[BlackTeam "Iserlohn Koenigsspringer"]
[WhiteTeamCountry "GER"]
[BlackTeamCountry "GER"]

1. Nf3 Nf6 2. c4 c5 3. g3 d5 4. cxd5 Nxd5 5. Bg2 Nc6 6. Nc3 g6 7. Nxd5 Qxd5 8. 0-0 Bg7 9. d3 0-0 10. Be3 Bd7 11. Nd4 Qd6 12. Nxc6 Bxc6 13. Bxc6 Qxc6 14. Rc1 Qe6 15. b3 b6 16. Rc4 Rfd8 17. Qc2 Rd5 18. Rc1 Bf6 19. Qd1 Rad8 20. Qf1 Kg7 21. Qg2 Bd4 22. Bxd4+ Rxd4 23. Qf3 Qd6 24. Rxd4 Qxd4 25. Kg2 Qb2 26. Qe3 Rd5 27. Rc4 e6 28. Ra4 a5 29. f4 h5 30. Kf3 Qb1 31. Kg2 Kh7 32. Qd2 h4 33. gxh4 Rh5 34. Rc4 Qa1 35. d4 Rxh4 36. Rc1 Qxd4 37. Qxd4 cxd4 38. Kg3 Rh5 39. Rd1 Rd5 40. Kf3 Kg7 41. Ke4 f5+ 42. Kd3 e5 43. fxe5 Rxe5 44. Rc1 Rc5 45. Rc4 Re5 1/2-1/2

[Event "NRW Class1 1718"]
[Site "Germany"]
[Date "2017.11.19"]
[Round "3.2"]
[White "Hristodorescu, Daniel"]
[Black "Hiller, Simon"]
[Result "1/2-1/2"]
[WhiteElo "2268"]
[BlackElo "2113"]
[PlyCount "40"]
[EventDate "2017.09.17"]
[EventType "team-tourn"]
[EventRounds "9"]
[EventCountry "GER"]
[SourceTitle "EXT 2019"]
[Source "ChessBase"]
[SourceDate "2018.10.10"]
[SourceVersion "1"]
[SourceVersionDate "2018.10.10"]
[SourceQuality "1"]
[WhiteTeam "Sundern"]
[BlackTeam "Emsdetten Rochade"]
[WhiteTeamCountry "GER"]
[BlackTeamCountry "GER"]

1. e4 c6 2. Nc3 d5 3. Nf3 Nf6 4. e5 Ne4 5. Be2 Nxc3 6. dxc3 e6 7. Qd4 Nd7 8. h4 Qc7 9. h5 f6 10. exf6 gxf6 11. h6 Rg8 12. Qh4 Bc5 13. b4 Bd6 14. Nd4 Ke7 15. Bd2 Nf8 16. Bd3 Ng6 17. Bxg6 Rxg6 18. 0-0-0 e5 19. Rde1 Kf7 20. Nb3 Bd7 1/2-1/2

[Event "Prague Summer op 4th"]
[Site "Prague"]
[Date "2017.08.11"]
[Round "9"]
[White "Hiller, Simon"]
[Black "Horton, Justin"]
[Result "1/2-1/2"]
[WhiteElo "2164"]
[BlackElo "2030"]
[PlyCount "24"]
[EventDate "2017.08.04"]
[EventType "swiss"]
[EventRounds "9"]
[EventCountry "CZE"]
[SourceTitle "CBM 179 Extra"]
[Source "ChessBase"]
[SourceDate "2017.08.23"]
[SourceVersion "1"]
[SourceVersionDate "2017.08.23"]
[SourceQuality "1"]

1. Nf3 d5 2. c4 c6 3. g3 Nf6 4. Bg2 Bf5 5. cxd5 cxd5 6. Qb3 Nc6 7. 0-0 e5 8. Qxb7 Na5 9. Qa6 Bc8 10. Qb5+ Bd7 11. Qa6 Bc8 12. Qb5+ Bd7 1/2-1/2

[Event "Prague Summer op 4th"]
[Site "Prague"]
[Date "2017.08.06"]
[Round "3"]
[White "Hiller, Simon"]
[Black "French, Max"]
[Result "0-1"]
[WhiteElo "2164"]
[BlackElo "1968"]
[PlyCount "66"]
[EventDate "2017.08.04"]
[EventType "swiss"]
[EventRounds "9"]
[EventCountry "CZE"]
[SourceTitle "CBM 179 Extra"]
[Source "ChessBase"]
[SourceDate "2017.08.23"]
[SourceVersion "1"]
[SourceVersionDate "2017.08.23"]
[SourceQuality "1"]

1. e4 c6 2. d4 d5 3. e5 c5 4. dxc5 Nc6 5. Nf3 Bg4 6. Be3 e6 7. Bb5 Qa5+ 8. Nc3 Nge7 9. a3 a6 10. Ba4 Nf5 11. b4 Qc7 12. Bf4 Be7 13. h3 Bxf3 14. Qxf3 Nh4 15. Qg3 g5 16. Bd2 Nf5 17. Qh2 0-0-0 18. Bxc6 Qxc6 19. Ne2 d4 20. Nc1 Qe4+ 21. Kd1 Ne3+ 22. fxe3 dxe3 23. Nd3 Rxd3 24. cxd3 Qxd3 25. Ra2 Qb1+ 26. Ke2 Qxa2 27. Kxe3 Rd8 28. Rd1 Qc4 29. Qg1 Qd3+ 30. Kf2 g4 31. hxg4 Qd4+ 32. Ke2 Qxg4+ 33. Kf2 Bg5 0-1

[Event "Dortmund Sparkassen op-A 45th"]
[Site "Dortmund"]
[Date "2017.07.16"]
[Round "2"]
[White "Hiller, Simon"]
[Black "Kagan, Dennis"]
[Result "1-0"]
[WhiteElo "2165"]
[BlackElo "1902"]
[PlyCount "63"]
[EventDate "2017.07.15"]
[EventType "swiss"]
[EventRounds "9"]
[EventCountry "GER"]
[SourceTitle "CBM 179 Extra"]
[Source "ChessBase"]
[SourceDate "2017.08.23"]
[SourceVersion "1"]
[SourceVersionDate "2017.08.23"]
[SourceQuality "1"]

1. Nf3 Nf6 2. c4 e6 3. g3 d5 4. Bg2 Be7 5. 0-0 0-0 6. b3 c5 7. e3 Nc6 8. Bb2 b6 9. d4 cxd4 10. exd4 Ba6 11. Qe2 Rc8 12. Nbd2 dxc4 13. bxc4 Bb4 14. Nb3 Qe7 15. Rfd1 Nd5 16. Rac1 Ba3 17. Qc2 Bxb2 18. Qxb2 Nf6 19. d5 exd5 20. cxd5 Nb4 21. Ne5 Rfe8 22. Nc6 Nxc6 23. dxc6 Qb4 24. Qd4 Qe7 25. Qa4 Be2 26. Re1 Ng4 27. Qf4 g5 28. Qd2 Rcd8 29. Qxe2 Qxe2 30. Rxe2 Rxe2 31. Bf3 Re7 32. Bxg4 1-0

[Event "NRW Class2 1617"]
[Site "Germany"]
[Date "2017.05.21"]
[Round "9.2"]
[White "Hiller, Simon"]
[Black "Adamski, Jan"]
[Result "0-1"]
[WhiteElo "2182"]
[BlackElo "2249"]
[PlyCount "80"]
[EventDate "2016.09.25"]
[EventType "team-tourn"]
[EventRounds "9"]
[EventCountry "GER"]
[SourceTitle "EXT 2023"]
[Source "ChessBase"]
[SourceDate "2022.10.05"]
[SourceVersion "1"]
[SourceVersionDate "2022.10.05"]
[SourceQuality "1"]
[WhiteTeam "Emsdetten Rochade"]
[BlackTeam "Letmathe"]
[WhiteTeamCountry "GER"]
[BlackTeamCountry "GER"]

1. Nf3 Nf6 2. c4 e6 3. g3 a6 4. Bg2 b5 5. Nd4 c6 6. cxb5 axb5 7. Nxb5 cxb5 8. Bxa8 d5 9. Qc2 Bd7 10. 0-0 Qa5 11. Bb7 Bd6 12. d3 Qa7 13. Bxd5 Nxd5 14. Nc3 0-0 15. Qb3 Qb7 16. e4 Nxc3 17. bxc3 f5 18. f3 fxe4 19. fxe4 Qa7+ 20. Kg2 Rxf1 21. Kxf1 Nc6 22. Ke2 Qg1 23. Bf4 Qxh2+ 24. Kf3 Bxf4 25. gxf4 Qh3+ 26. Kf2 Qh2+ 27. Kf3 g5 28. fxg5 Ne5+ 29. Ke3 Ng4+ 30. Kf3 Ne5+ 31. Ke3 Ng4+ 32. Kf3 Qh3+ 33. Kf4 Kg7 34. e5 Bc6 35. Rf1 Qxf1+ 36. Kxg4 Qg2+ 37. Kh4 Bf3 38. Qxe6 Qh2+ 39. Qh3 Qf4+ 40. Qg4 Qxg4# 0-1

[Event "NRW Class2 1617"]
[Site "Germany"]
[Date "2017.03.05"]
[Round "7.2"]
[White "Nordsieck, Thomas"]
[Black "Hiller, Simon"]
[Result "1/2-1/2"]
[WhiteElo "2344"]
[BlackElo "2182"]
[PlyCount "48"]
[EventDate "2016.09.25"]
[EventType "team-tourn"]
[EventRounds "9"]
[EventCountry "GER"]
[SourceTitle "EXT 2023"]
[Source "ChessBase"]
[SourceDate "2022.10.05"]
[SourceVersion "1"]
[SourceVersionDate "2022.10.05"]
[SourceQuality "1"]
[WhiteTeam "Herford Koenigsspringer"]
[BlackTeam "Emsdetten Rochade"]
[WhiteTeamCountry "GER"]
[BlackTeamCountry "GER"]

1. e4 c6 2. d4 d5 3. exd5 cxd5 4. c4 Nf6 5. Nc3 Nc6 6. Nf3 g6 7. cxd5 Nxd5 8. Qb3 Nxc3 9. bxc3 Bg7 10. Be2 0-0 11. 0-0 Na5 12. Qb4 b6 13. Bg5 Re8 14. Rfe1 Nc6 15. Qa4 Bd7 16. Qa3 Qc7 17. Rac1 e5 18. Bb5 a6 19. Bxc6 Bxc6 20. Nxe5 Bxe5 21. dxe5 Rxe5 22. Rxe5 Qxe5 23. Qe7 Qxe7 24. Bxe7 f5 1/2-1/2

[Event "NRW Class2 1617"]
[Site "Germany"]
[Date "2016.12.11"]
[Round "4.2"]
[White "Hiller, Simon"]
[Black "Erwich, Frank"]
[Result "1/2-1/2"]
[WhiteElo "2182"]
[BlackElo "2339"]
[PlyCount "60"]
[EventDate "2016.09.25"]
[EventType "team-tourn"]
[EventRounds "9"]
[EventCountry "GER"]
[SourceTitle "EXT 2023"]
[Source "ChessBase"]
[SourceDate "2022.10.05"]
[SourceVersion "1"]
[SourceVersionDate "2022.10.05"]
[SourceQuality "1"]
[WhiteTeam "Emsdetten Rochade"]
[BlackTeam "Erkenschwick"]
[WhiteTeamCountry "GER"]
[BlackTeamCountry "GER"]

1. e4 e5 2. Nf3 Nc6 3. Bc4 Nf6 4. d3 Bc5 5. 0-0 d6 6. h3 Na5 7. Bb3 Nxb3 8. axb3 0-0 9. Be3 Bxe3 10. fxe3 d5 11. Nc3 Re8 12. exd5 Nxd5 13. Nxd5 Qxd5 14. e4 Qc5+ 15. Kh1 Be6 16. Ng5 f6 17. Nxe6 Rxe6 18. Qe2 a5 19. Qf2 Rc6 20. Qxc5 Rxc5 21. Rf2 Rd8 22. Ra4 Rd4 23. Kg1 Kf7 24. Kf1 Ke6 25. Ke1 Rb5 26. Ra2 h5 27. g3 g6 28. g4 hxg4 29. hxg4 Rd6 30. Ra1 Ra6 1/2-1/2

[Event "Pardubice Czech op-A 27th"]
[Site "Pardubice"]
[Date "2016.07.28"]
[Round "7"]
[White "Grekh, Andrey"]
[Black "Hiller, Simon"]
[Result "1-0"]
[WhiteElo "2347"]
[BlackElo "2176"]
[PlyCount "53"]
[EventDate "2016.07.22"]
[EventType "swiss"]
[EventRounds "9"]
[EventCountry "CZE"]
[SourceTitle "CBM 173 Extra"]
[Source "ChessBase"]
[SourceDate "2016.08.29"]
[SourceVersion "1"]
[SourceVersionDate "2016.08.29"]
[SourceQuality "1"]

1. e4 c6 2. d4 d5 3. e5 c5 4. dxc5 e6 5. a3 Nc6 6. Nf3 Bxc5 7. b4 Bb6 8. Bb2 Nge7 9. Bd3 Ng6 10. Bxg6 hxg6 11. 0-0 f6 12. Qd3 Kf7 13. c4 dxc4 14. Qxc4 Qd5 15. Qf4 Rh5 16. exf6 Rf5 17. Qh4 Rh5 18. Qf4 Rf5 19. Qg3 gxf6 20. Nc3 Qd8 21. Ne4 Bc7 22. Qh4 Kg7 23. Nfg5 Qg8 24. Nxf6 Rxf6 25. Ne4 Qh7 26. Qxf6+ Kg8 27. h3 1-0

[Event "NRW Class1 1516"]
[Site "Germany"]
[Date "2016.01.10"]
[Round "5.5"]
[White "Hiller, Simon"]
[Black "Kilian, Ralf"]
[Result "1-0"]
[WhiteElo "2064"]
[BlackElo "2121"]
[PlyCount "75"]
[EventDate "2015.09.27"]
[EventType "team-tourn"]
[EventRounds "9"]
[EventCountry "GER"]
[SourceTitle "EXT 2017"]
[Source "ChessBase"]
[SourceDate "2016.10.25"]
[SourceVersion "1"]
[SourceVersionDate "2016.10.25"]
[SourceQuality "1"]
[WhiteTeam "Emsdetten Rochade"]
[BlackTeam "Kamen"]
[WhiteTeamCountry "GER"]
[BlackTeamCountry "GER"]

1. Nf3 c5 2. c4 Nc6 3. d4 cxd4 4. Nxd4 g6 5. e4 Bg7 6. Be3 Nf6 7. Nc3 Ng4 8. Qxg4 Nxd4 9. Qd1 Ne6 10. Rc1 Qa5 11. a3 Qe5 12. Bd3 b6 13. 0-0 g5 14. b4 Bb7 15. Nd5 Nf4 16. g3 Nxd3 17. Qxd3 Bxd5 18. exd5 0-0 19. Rfe1 Qf6 20. Bd2 Rfe8 21. Re4 Qg6 22. Qe2 e5 23. c5 bxc5 24. bxc5 Rac8 25. Ra4 Rc7 26. Ra6 f6 27. Ba5 Rb7 28. c6 Rb1 29. Qc4 Rxc1+ 30. Qxc1 dxc6 31. dxc6 Qd3 32. Rxa7 Rc8 33. c7 Bf8 34. Rb7 Bd6 35. Bb4 Qa6 36. Rb8 Rxb8 37. cxb8Q+ Bxb8 38. Qc5 1-0

[Event "Pardubice Czech op-B 26th"]
[Site "Pardubice"]
[Date "2015.07.29"]
[Round "6"]
[White "Popov, Anton Yur"]
[Black "Hiller, Simon"]
[Result "1/2-1/2"]
[WhiteElo "2108"]
[BlackElo "2071"]
[PlyCount "39"]
[EventDate "2015.07.24"]
[EventType "swiss"]
[EventRounds "9"]
[EventCountry "CZE"]
[SourceTitle "EXT 2017"]
[Source "ChessBase"]
[SourceDate "2016.10.25"]
[SourceVersion "1"]
[SourceVersionDate "2016.10.25"]
[SourceQuality "1"]

1. e4 c6 2. d4 d5 3. exd5 cxd5 4. Bd3 Nc6 5. c3 Qc7 6. h3 g6 7. Nf3 Bf5 8. Bxf5 gxf5 9. Qd3 e6 10. 0-0 Nf6 11. b4 Bd6 12. a4 0-0 13. Na3 a6 14. Bh6 Rfc8 15. Rfe1 Ne7 16. Rac1 Ng6 17. Nb1 Kh8 18. Bd2 Rg8 19. c4 dxc4 20. Rxc4 1/2-1/2

[Event "Pardubice Czech op-B 26th"]
[Site "Pardubice"]
[Date "2015.07.28"]
[Round "5"]
[White "Maslak, Alexander"]
[Black "Hiller, Simon"]
[Result "1/2-1/2"]
[WhiteElo "2180"]
[BlackElo "2071"]
[PlyCount "35"]
[EventDate "2015.07.24"]
[EventType "swiss"]
[EventRounds "9"]
[EventCountry "CZE"]
[SourceTitle "EXT 2017"]
[Source "ChessBase"]
[SourceDate "2016.10.25"]
[SourceVersion "1"]
[SourceVersionDate "2016.10.25"]
[SourceQuality "1"]

1. e4 c6 2. d4 d5 3. Nc3 dxe4 4. Nxe4 Bf5 5. Ng3 Bg6 6. h4 h6 7. Nf3 Nd7 8. Bd3 Bxd3 9. Qxd3 e6 10. Bd2 Ngf6 11. 0-0-0 Be7 12. Ne4 Nxe4 13. Qxe4 Nf6 14. Qe2 Qd5 15. c4 Qe4 16. Rhe1 Qxe2 17. Rxe2 0-0 18. Ne5 1/2-1/2